Отзывы иностранной прессы о Лорис-Меликове

RUSMARC
00004956nac2a22003253x 450
0017d51e376-f497-4cd0-a0a5-d47fb0bad0ed
00520240819190301.0
100##$a20240716l1880 k y0rusy50 ca
1010#$arus
$afre
$ager
102##$aRU
105##$ay z |||||
1220#$ad18801231
2001#$aОтзывы иностранной прессы о Лорис-Меликове
$j1880
215##$a8 листов
$d37,7 х 24,6
251##$cДело
300##$aЛисты: 7, 8 - газетные вырезки; I -обложка с заголовком и шифром; II - карточка выдачи; III - старый заверитель и отметки о проверке на обложке; 1 - оборван кусочек листа, край (правый); 1, 2, 7, 8 - повреждены (надорваны)
300##$aЧасть текста на французском и немецком языках
300##$aРукописный и типографский текст
325##$aЗамикрофильмировано
330##$aВходит в раздел описи: Отзывы прессы о Лорис-Меликове М. Т.
461#0$1001cda3d175-ae4a-411a-8dea-9cc20fb178f6
$12001
$aЛорис-Меликов Михаил Тариелович, граф, министр внутренних дел, главный начальник "верховной распорядительной комиссии по охранению государственного порядка и общественного спокойствия", генерал от кавалерии
$1251
$cФонд
$1852
$j569
462#0$1001163e060a-d7cc-404d-90ee-e28c9801971b
$12001
$aОпись дел фонда М. Т. Лорис-Меликова за 1858-1915 гг.
$vД. 112
$1251
$cОпись
$1852
$j1
600#1$aЛорис-Меликов
$bМ. Т.
$gМихаил Тариелович
605##$3DITM\AF\0000002775
$aВласть
$lколлекция
$2acquisition_prlib
6101#$aИностранная пресса
$aОтзывы
686##$a63.3(2)535-332ю1
$cИстория
$2rubbk
686##$a67.400.6ю1
$cПраво
$2rubbk
801#0$aRU
$bGA_RF
801#1$aRU
$bГлавНИВЦ
$c20240716
$2rusmarc
801#2$aRU
$bПБ им. Б.Н. Ельцина
$c20240819
$gRCR
$2rusmarc
852##$aГА РФ
$j112
937##$d193622708
$hГАРФ
035##$aRuPRLIB51076471
856##$uhttp://readingroom.main.prlib.ru/item.aspx?id_node=n193622708&mode=full
Формат отображения